| 000 | 00544nam a2200205 u 4500 | ||
|---|---|---|---|
| 005 | 20231021063637.0 | ||
| 008 | 130828s2009 mx r 000 0 spa d | ||
| 020 | _a9786077686859 | ||
| 035 | _aUPN01000192504 | ||
| 049 | _aCG | ||
| 050 | 4 |
_aLB1049 _bC3.7 |
|
| 100 | 1 |
_aCalero Pérez, Mavilo _934277 |
|
| 245 | 1 | 0 |
_aTécnicas de estudio / _cMavilo Calero Pérez. |
| 260 |
_aMéxico : _bAlfaomega, _c2009. |
||
| 300 |
_a117 p. : _bil. |
||
| 440 | 0 | _aEducación | |
| 650 | 4 |
_aMétodos de estudio _94280 |
|
| 905 | _aLibro | ||
| 999 |
_c164606 _d164606 |
||